| 000 | 01103cam a22002774a 4500 | ||
|---|---|---|---|
| 003 | OSt | ||
| 005 | 20260205153208.0 | ||
| 008 | 051208s2006 pauab b 001 0 eng | ||
| 020 |
_a159213355X _qcloth : alk. paper |
||
| 020 |
_a1592133568 _qpbk. : alk. paper |
||
| 020 |
_a9781592133567 _q(pbk. : alk. paper) |
||
| 040 |
_aKABLIB _cKABLIB _beng _erda |
||
| 082 | 0 | 0 |
_a305.5 _223 _bIVE |
| 100 | 1 |
_aIversen, Roberta Rehner. _915461 |
|
| 245 | 1 | 0 |
_aJobs aren't enough : _btoward a new economic mobility for low-income families / _cRoberta Rehner Iversen, Annie Laurie Armstrong. |
| 260 |
_aPhiladelphia, Pa : _bTemple University Press, _c2006. |
||
| 300 |
_axii, 284 p. : _bill., map ; _c23 cm. |
||
| 504 | _aIncludes bibliographical references (p. [257]-276) and index. | ||
| 650 | 0 |
_aWorking class _zUnited States. _915462 |
|
| 650 | 0 |
_aPoor families _zUnited States. _915463 |
|
| 650 | 0 |
_aCity dwellers _zUnited States. _915464 |
|
| 650 | 0 |
_aSocial mobility _zUnited States. _915465 |
|
| 651 | 0 |
_aUnited States _xSocial policy _y1993- _915466 |
|
| 700 | 1 |
_aArmstrong, Annie Laurie, _915467 |
|
| 942 |
_2ddc _cBOOK |
||
| 999 |
_c6087 _d6087 |
||